000 00552nam a2200205 4500
001 4139
005 20230410120803.0
008 060907n1999 dr spa
020 _a0879548010
035 _9funglode4169
041 _aEN
050 1 4 _aHV 91 S174a 1994
100 _aSalamon, M. Lester
245 1 _aAmerica³s nonprofit sector a primer /
_cLester M. Salamon
250 _a2
260 _aNew York :
_bThe Fundation Center,
_c1999
300 _axvi, 203 p.
504 _aIncluye referencia bibliografica
942 _2lcc
_cbk
999 _c51875
_d51875